| 000 | 01049nam a22002297a 4500 | ||
|---|---|---|---|
| 008 | 240822t2023 xxkob|||o|||| 00| 0 eng d | ||
| 022 | _a2042-2695 | ||
| 245 |
_aAre friends electric? _bValuing the social costs of power lines using house prices |
||
| 260 |
_bCentre for Economic Performance & London School of Economics, _cAugust 2023 |
||
| 300 | _a40p. | ||
| 440 | _aDiscussion Paper | ||
| 520 | _aThe LSE report indicates that houses within 300 metres of new pylons sell for 10% less on average than those more than over 1.5km away. The influence of a pylon decays with distance but can be detected upto about 1.2km, on average houses sell for around 3.6% less within 1.2km than beyond that distance | ||
| 650 | _aHOUSE PRICES | ||
| 650 | _aOVERHEAD POWER LINES | ||
| 650 | _aPYLONS | ||
| 650 | _aVALUATION | ||
| 700 | _aTang, Cheng Keat | ||
| 700 | _aGibbons, Stephen | ||
| 710 |
_aLondon School of Economics _91264 |
||
| 856 |
_uhttps://cep.lse.ac.uk/pubs/download/dp1942.pdf _zDiscussion paper available from LSE |
||
| 942 | _2ddc | ||
| 999 |
_c121985 _d121985 |
||